000 00465nam a2200157 a 4500
001 59530
005 20180714060519.0
008 140415s2012 cc 000 0 eng d
020 _a9780867155129
041 _aeng
082 _a617.522
_bMAR
245 0 0 _aORAL AND MAXILLOFACIAL PATHOLOGY :
_bA RATIONALE FOR DIAGNOSIS AND TREATMENT
250 _a2a ed.
260 _aCHINA :
_bQUINTESSENCE PUBLISHING,
_c2012
300 _a311
_c27.9 x 3.5 x 29.6
999 _c59530
_d59530